Statistics for Bolton Wanderers Premier League Players

Click here to take the quiz!

General Stats

  • This quiz has been taken 161 times
  • The average score is 36 of 173

Answer Stats

The Trotters% Correct
Kevin Davies
85%
Mark Davies
82%
Jay-Jay Okocha
72%
Jussi Jääskeläinen
68%
Kevin Nolan
68%
Iván Campo
57%
Johann Smith
55%
Youri Djorkaeff
55%
Gary Cahill
53%
Nicolas Anelka
52%
Fernando Hierro
49%
Ricardo Gardner
44%
Nicky Hunt
43%
Sean Davis
43%
Ádám Bogdán
42%
Chung-yong Lee
42%
David Lee
42%
El Hadji Diouf
42%
Jermaine Johnson
42%
Johan Elmander
41%
Daniel Sturridge
40%
Matthew Taylor
40%
Bob Taylor
39%
Scott Taylor
39%
Stelios Giannakopoulos
39%
Michael Ricketts
38%
Sam Ricketts
38%
Stuart Holden
38%
Fabrice Muamba
37%
Ibrahim Ba
37%
David Wheater
35%
Alan Thompson
31%
David Thompson
31%
Henrik Pedersen
31%
Jack Wilshere
31%
John McGinlay
31%
Gary Speed
30%
Marcos Alonso
30%
Mikel Alonso
30%
Zat Knight
30%
Andy O'Brien
29%
Bruno N'Gotty
29%
Joey O'Brien
29%
Paul Robinson
29%
Jason McAteer
28%
Gavin McCann
27%
Jimmy Phillips
27%
Martin Petrov
27%
Grétar Steinsson
26%
Gudni Bergsson
26%
Ricardo Vaz Tê
26%
Simon Charlton
26%
Ali Al-Habsi
25%
Chris Eagles
25%
Tal Ben Haim
25%
Jlloyd Samuel
24%
Ivan Klasnić
23%
Nathan Blake
23%
Radhi Jaïdi
23%
Robbie Blake
23%
Hidetoshi Nakata
22%
Owen Coyle
22%
Quinton Fortune
22%
Abdoulaye Faye
21%
Mario Jardel
21%
Pierre-Yves André
21%
Jared Borgetti
20%
Les Ferdinand
20%
Per Frandsen
20%
Keith Branagan
19%
Danny Shittu
18%
Leam Richardson
18%
Mark Fish
18%
Nigel Reo-Coker
18%
Scott Green
18%
Abdoulaye Méïté
17%
Darren Pratley
17%
Franz Carr
17%
Fredi Bobic
17%
Kevin Poole
17%
Tamir Cohen
17%
Danny Ward
16%
Dean Holdsworth
16%
Gavin Ward
16%
Heiðar Helguson
16%
Colin Hendry
15%
Saša Ćurčić
15%
Stig Tøfting
15%
Anthony Barness
14%
Rodrigo
14%
Alan Stubbs
13%
Danny Guthrie
13%
Idan Tal
13%
James Sinclair
13%
Jonathan Walters
13%
Josh Vela
13%
Tim Ream
13%
Andranik Teymourian
12%
Bernard Mendy
12%
Daniel Braaten
12%
Emerson Thome
12%
Khalilou Fadiga
12%
Mike Whitlow
12%
Mixu Paatelainen
12%
Paul Warhurst
12%
Robbie Elliott
12%
Andy Todd
11%
César Martín
11%
David N'Gog
11%
Gerry Taggart
11%
Scott Sellars
11%
Steve Banks
11%
Vincent Candela
11%
Bo Hansen
10%
Chris Basham
10%
Fabian de Freitas
10%
Gareth Farrelly
10%
Ian Marshall
10%
Javi Moreno
10%
Julio Cesar
10%
Ľubomír Michalík
10%
Michael Johansen
10%
Neil Cox
10%
Richard Sneekes
10%
Rod Wallace
10%
Steve Howey
10%
Tyrone Mears
10%
Dedryck Boyata
9%
Euzebiusz Smolarek
9%
Fabrice Fernandes
9%
Gérald Cid
9%
Peter Beardsley
9%
Sébastien Puygrenier
9%
Simon Coleman
9%
Tuncay Şanlı
9%
Andy Oakes
8%
Arnar Gunnlaugsson
8%
Blessing Kaku
8%
Bryan Small
8%
Christian Wilhelmsson
8%
Delroy Facey
8%
Florent Laville
8%
Glen Little
8%
Grzegorz Rasiak
8%
Jarosław Fojut
8%
Joe Riley
8%
Mark Patterson
8%
Marvin Sordell
8%
Matt Jansen
8%
Steve McAnespie
8%
Vladimír Weiss
8%
Aidan Davison
7%
Chris Fairclough
7%
Jamie Pollock
7%
Martin Djetou
7%
Nicky Southall
7%
Ryo Miyaichi
7%
Bülent Akın
6%
Danny Livesey
6%
Djibril Diawara
6%
Gaël Kakuta
6%
Greg Strong
6%
Riga Mustapha
6%
Wayne Burnett
6%
Ariza Makukula
5%
Hasney Aljofree
5%
John Sheridan
5%
Tope Obadeyi
5%
Gaetano Giallanza
4%
John Salako
4%
Jon Otsemobor
4%
Kostas Konstantinidis
4%
Salva Ballesta
4%

Score Distribution

Percentile by Number Answered

Percent of People with Each Score

Your Score History

You have not taken this quiz